Detalles MARC
| 000 -LEADER |
| fixed length control field |
05064nam a2200481Ii 4500 |
| 001 - CONTROL NUMBER |
| control field |
DIGEDIUOC405 |
| 003 - CONTROL NUMBER IDENTIFIER |
| control field |
NyNyDIG |
| 008 - FIXED-LENGTH DATA ELEMENTS--GENERAL INFORMATION |
| fixed length control field |
141201s2013 sp ob 000 0 spa d |
| 006 - FIXED-LENGTH DATA ELEMENTS--ADDITIONAL MATERIAL CHARACTERISTICS |
| fixed length control field |
m o d |
| 007 - PHYSICAL DESCRIPTION FIXED FIELD--GENERAL INFORMATION |
| fixed length control field |
cr ||||||||||| |
| 035 ## - SYSTEM CONTROL NUMBER |
| System control number |
(OCoLC)847621046 |
| 040 ## - CATALOGING SOURCE |
| Original cataloging agency |
DGITA |
| Language of cataloging |
eng |
| Description conventions |
rda |
| -- |
pn |
| Transcribing agency |
DIGITA |
| 020 ## - INTERNATIONAL STANDARD BOOK NUMBER |
| International Standard Book Number |
9788490299654 |
| Qualifying information |
(eBook) |
| 020 ## - INTERNATIONAL STANDARD BOOK NUMBER |
| International Standard Book Number |
849029965X |
| Qualifying information |
(eBook) |
| 020 ## - INTERNATIONAL STANDARD BOOK NUMBER |
| Canceled/invalid ISBN |
9788490290248 |
| 020 ## - INTERNATIONAL STANDARD BOOK NUMBER |
| Canceled/invalid ISBN |
8490290245 |
| 043 ## - GEOGRAPHIC AREA CODE |
| Geographic area code |
e-sp--- |
| 050 14 - LIBRARY OF CONGRESS CALL NUMBER |
| Classification number |
HQ784.I58 eBook |
| 245 00 - TITLE STATEMENT |
| Title |
Comunicación, infancia y juventud : |
| Remainder of title |
situación e investigación en España / |
| Statement of responsibility, etc. |
Antonio García Jiménez (ed.). |
| 250 ## - EDITION STATEMENT |
| Edition statement |
Primera edición en formato digital. |
| 264 #1 - PRODUCTION, PUBLICATION, DISTRIBUTION, MANUFACTURE, AND COPYRIGHT NOTICE |
| Place of production, publication, distribution, manufacture |
Barcelona : |
| Name of producer, publisher, distributor, manufacturer |
Universitat Oberta de Catalunya, |
| Date of production, publication, distribution, manufacture, or copyright notice |
2013. |
| 300 ## - PHYSICAL DESCRIPTION |
| Extent |
1 online resource (365 pages) |
| 336 ## - CONTENT TYPE |
| Content type term |
text |
| Content type code |
txt |
| Source |
rdacontent |
| 337 ## - MEDIA TYPE |
| Media type term |
computer |
| Media type code |
c |
| Source |
rdamedia |
| 338 ## - CARRIER TYPE |
| Carrier type term |
online resource |
| Carrier type code |
cr |
| Source |
rdacarrier |
| 490 1# - SERIES STATEMENT |
| Series statement |
Media literacy = Alfabetización mediática |
| 505 0# - FORMATTED CONTENTS NOTE |
| Formatted contents note |
Introducción / Antonio García Jiménez -- La investigación sobre comunicación e infancia / Luis Núñez Ladevéze -- Comunicación e infancia : analizar para actuar / Alejandro Perales -- La dinámica de la brecha digital entre jóvenes, padres y profesores en España 'Proyecto AUSTICA' Grupo de Investigación CONINCOM / Jordi Busquet, Sonia Ballano, Alfons Medina y Ana Cinthya Uribe -- Oportunidades y riesgos en internet para los menores en Europa : la red EU Kids Online / Maialen Garmendia, Miguel Ángel Casado, Estefanía Jiménez -- Internet, menores y adolescentes : una aproximación a su realidad / Antonio García Jiménez, Carmen Gaona Pisonero, Esther Martínez Pastor -- Videojuegos e infancia : análisis, evaluación y diseño desde una perspectiva educativa / Ma Esther del Moral Pérez, Lourdes Villalustre Martínez -- Impacto de las redes sociales en las formas de participación de los jóvenes universitarios / María del Carmen García Galera, José Alonso Seco -- Estrategia de publicidad en internet dirigida a jóvenes y adolescentes / María Sánchez Valle, Belinda de Frutos Torres, Tamara Vázquez Barrio -- El Grupo Comunicar : dos decenios de comunicación y educación para la ciudadanía desde Andalucía / Ignacio Aguaded-Gómez -- Políticas de infancia y medios de comunicación : nuevos retos para la investigación / José Manuel Pérez Tornero, Santiago Tejedor, Cristina Pulido -- Comunicación, infancia y juventud : diez años de investigación académica / Victoria Tur Viñes, Carmen López-Sánchez -- Grupo Villanueva OCS (UCM) : líneas de investigación sobre regulación, autorregulación y responsabilidad social de los medios en relación con la infancia y sus derechos / Carmen Fuente Cobo, Gema Bellido Acevedo -- El Grupo Ágora, una activa plataforma de investigación universitaria en educomunicación / Ma Amor Pérez Rodríguez, Águeda Delgado Ponce -- Competencia comunicativa y competencia mediática / Ma Palma Peña Jiménez -- La educación de las familias para la comunicación en la innovadora cultura digital / Teresa Torrecillas Lacave, Álvaro de la Torre Araus -- Las audiencias infantiles y juveniles frente a la exigencia de calidad informativa / Javier Fernández del Moral -- Televisión e infancia : análisis de contenido de las infracciones al Código de Autorregulación de las Cadenas Generalistas de Televisión en España (2004-2011) / Juan Menor Sendra, Ángeles Fernández Martínez, María Cruz López de Ayala, Carlos Lozano Ascencio -- Televisión, infancia y consumos audiovisuales : la necesidad de medir, educar e investigar / Félix Ortega Mohedano, Juan José Igartua Perosanz -- Otra vía para la protección infantil : la responsabilidad social corporativa de las televisiones españolas / Tamara Vázquez Barrio -- Condicionantes que interfieren en la dinámica familiar en torno a las pantallas / Franciani Bernardes -- Puesta en marcha del Observatorio de Comunicación, Infancia y Adolescencia de la Región de Murcia (MIRA) : los menores en los medios de comunicación / Ma del Mar Rodríguez Rosell, Irene Melgarejo Moreno, Beatriz Correyero Ruiz, Jesús T. Martínez Sánchez. |
| 504 ## - BIBLIOGRAPHY, ETC. NOTE |
| Bibliography, etc. note |
Includes bibliographical references. |
| 588 0# - SOURCE OF DESCRIPTION NOTE |
| Source of description note |
Online resource; title from ePub and PDF title page (Digitalia, viewed October 10, 2014) |
| 650 #0 - SUBJECT ADDED ENTRY--TOPICAL TERM |
| Topical term or geographic name entry element |
Internet and children |
| Geographic subdivision |
Spain. |
| 650 #0 - SUBJECT ADDED ENTRY--TOPICAL TERM |
| Topical term or geographic name entry element |
Communication in families |
| Geographic subdivision |
Spain. |
| 650 #0 - SUBJECT ADDED ENTRY--TOPICAL TERM |
| Topical term or geographic name entry element |
Internet and children |
| General subdivision |
Risk assessment |
| Geographic subdivision |
Spain. |
| 650 #0 - SUBJECT ADDED ENTRY--TOPICAL TERM |
| Topical term or geographic name entry element |
Internet |
| Geographic subdivision |
Spain |
| General subdivision |
Safety measures. |
| 655 #0 - INDEX TERM--GENRE/FORM |
| Genre/form data or focus term |
Electronic books. |
| 700 1# - ADDED ENTRY--PERSONAL NAME |
| Personal name |
García Jiménez, Antonio, |
| Relator term |
editor. |
| 791 2# - |
| -- |
Digitalia (Firm), |
| -- |
distributor. |
| 793 0# - |
| -- |
Digitalia eBook Collection: |
| -- |
Universitat Oberta de Catalunya |
| 776 08 - ADDITIONAL PHYSICAL FORM ENTRY |
| Relationship information |
Print version: |
| Title |
Comunicación, infancia y juventud. |
| Place, publisher, and date of publication |
Barcelona : Editorial UOC, 2012 |
| International Standard Book Number |
9788490290248 |
| Record control number |
(OCoLC)824352120 |
| 830 #0 - SERIES ADDED ENTRY--UNIFORM TITLE |
| Uniform title |
Media literacy (Barcelona, Spain) |
| 856 40 - ELECTRONIC LOCATION AND ACCESS |
| Materials specified |
Digitalia Hispánica |
| Uniform Resource Identifier |
<a href="https://www.digitaliapublishing.com/a/24507/">https://www.digitaliapublishing.com/a/24507/</a> |
| 910 ## - USER-OPTION DATA (OCLC) |
| User-option data |
Premium Collection: 2014 |
| 942 ## - ADDED ENTRY ELEMENTS (KOHA) |
| Koha item type |
Recurso Electrónico |